Ovocie a zelenina: boľavé miesto slovenských obchodov
Vybudovanie distribučného centra pre ovocie a zeleninu na tradičnom trhu. Obchodný zástupca v ovocí a zelenine.
Gespeichert in:
| 1. Verfasser: | |
|---|---|
| Format: | Buchkapitel |
| Sprache: | Slowakisch |
| Schlagworte: | |
| Tags: |
Keine Tags, Fügen Sie das erste Tag hinzu!
|
MARC
| LEADER | 00000naa a2200000 4500 | ||
|---|---|---|---|
| 001 | 0203795 | ||
| 005 | 20231011070232.6 | ||
| 041 | 0 | |a slo | |
| 044 | |a SK | ||
| 245 | 1 | 0 | |a Ovocie a zelenina: boľavé miesto slovenských obchodov |c Kristína Raševová |
| 520 | |a Vybudovanie distribučného centra pre ovocie a zeleninu na tradičnom trhu. Obchodný zástupca v ovocí a zelenine. | ||
| 610 | 2 | 0 | |a centrá logistické |
| 610 | 2 | 0 | |a distribúcia |
| 610 | 2 | 0 | |a zelenina |
| 610 | 2 | 0 | |a ovocie |
| 100 | 1 | |a Raševová, Kristína | |